Guatemala posición del PSD respecto al proceso electoral de 1982

Đã lưu trong:
Chi tiết về thư mục
Định dạng: Texto
Những chủ đề:
Các nhãn: Thêm thẻ
Không có thẻ, Là người đầu tiên thẻ bản ghi này!

MARC

LEADER 00000 a a2200000 04500
001 43829
003
040
245 |a Guatemala posición del PSD respecto al proceso electoral de 1982  
650 |a ELECCIONES  
650 |a MOVIMIENTOS SOCIALES  
650 |a POLITICA  
650 |a DEMOCRACIA  
650 |a GUATEMALA  
773 |g volumen5, número7 (1981). Páginas:99-101  
999 |c 32516  |d 32516 
773 0 |0 42391  |9 4078  |a Agencia Latinoamericana de Información, ALAI  |d Quito, Ecuador: ALAI  |o 04123  |t ALAI:  |x 08275564 (Servicio mensual de información y documentación)